000 00246nmm a2200085Ia 4500
008 220120s9999||||xx |||||||||||||||||und||
100 _aRiley, John
_95391
245 0 _aWriting fast programs ; A practical guide for engineers and
260 _bNew Delhi
999 _c139238
_d139238